[Event "Hessen-ch U16"]
[Site "Bad Homburg"]
[Date "2012.??.??"]
[Round "6"]
[White "Diyap, Murat"]
[Black "Werkmann, Lars"]
[Result "1-0"]
[WhiteElo "1929"]
[BlackElo "1612"]
[PlyCount "47"]
[EventDate "2012.04.??"]
[EventType "swiss"]
[EventRounds "9"]
[EventCountry "GER"]
[SourceTitle "EXT 2015"]
[Source "ChessBase"]
[SourceDate "2014.11.20"]
[SourceVersion "1"]
[SourceVersionDate "2014.11.20"]
[SourceQuality "1"]

1. e4 e6 2. Nf3 d5 3. Nc3 Nf6 4. e5 Nfd7 5. d4 c5 6. dxc5 Bxc5 7. Bd3 Nc6 8. Qe2 Nd4 9. Nxd4 Bxd4 10. Bf4 Qb6 11. 0-0 Qxb2 12. Nb5 0-0 13. Rab1 Qxa2 14. Nxd4 a6 15. Qg4 Re8 16. Bxh7+ Kxh7 17. Qh5+ Kg8 18. Rb3 Nf8 19. Rh3 Ng6 20. Bc1 f5 21. exf6 Kf7 22. Rg3 gxf6 23. Qxg6+ Ke7 24. Ba3+ 1-0

[Event "Hessen-ch U16"]
[Site "Bad Homburg"]
[Date "2012.??.??"]
[Round "2"]
[White "Grimm, Julius"]
[Black "Werkmann, Lars"]
[Result "1/2-1/2"]
[WhiteElo "1850"]
[BlackElo "1612"]
[PlyCount "58"]
[EventDate "2012.04.??"]
[EventType "swiss"]
[EventRounds "9"]
[EventCountry "GER"]
[SourceTitle "EXT 2015"]
[Source "ChessBase"]
[SourceDate "2014.11.20"]
[SourceVersion "1"]
[SourceVersionDate "2014.11.20"]
[SourceQuality "1"]

1. d4 d5 2. c4 e6 3. Nf3 Nf6 4. g3 b6 5. Bg2 Nbd7 6. 0-0 Bb7 7. Nbd2 Bd6 8. b3 0-0 9. Bb2 Re8 10. Ne5 c5 11. Nxd7 Qxd7 12. dxc5 Bxc5 13. e3 e5 14. cxd5 Bxd5 15. Bxd5 Nxd5 16. Ne4 Bf8 17. Qf3 f5 18. Nc3 Nxc3 19. Bxc3 e4 20. Qe2 Rac8 21. Rfd1 Qe6 22. Rac1 Rc7 23. Bd4 Rec8 24. Qb2 Rxc1 25. Rxc1 Rc6 26. Rxc6 Qxc6 27. b4 Qa4 28. Bc3 Qd1+ 29. Kg2 Qf3+ 1/2-1/2

[Event "Hessen-ch U16"]
[Site "Bad Homburg"]
[Date "2012.??.??"]
[Round "4"]
[White "Werkmann, Lars"]
[Black "Muth, Matthias Potisarath"]
[Result "1-0"]
[WhiteElo "1612"]
[BlackElo "2022"]
[PlyCount "49"]
[EventDate "2012.04.??"]
[EventType "swiss"]
[EventRounds "9"]
[EventCountry "GER"]
[SourceTitle "EXT 2015"]
[Source "ChessBase"]
[SourceDate "2014.11.20"]
[SourceVersion "1"]
[SourceVersionDate "2014.11.20"]
[SourceQuality "1"]

1. d4 d5 2. Nf3 e6 3. e3 Nf6 4. Nbd2 Nbd7 5. b3 c5 6. Bb2 b6 7. Bd3 Bb7 8. 0-0 Be7 9. Ne5 0-0 10. f4 a6 11. a4 Nxe5 12. fxe5 Ne4 13. Bxe4 dxe4 14. Qg4 Bg5 15. Rae1 cxd4 16. Bxd4 Rc8 17. c3 Bh4 18. g3 Be7 19. Nxe4 Qd5 20. Nf6+ Bxf6 21. e4 Qc6 22. exf6 g6 23. Qh4 h5 24. Qg5 Kh7 25. Be3 1-0